00409nam a2200157Ia 4500003000400000005001700004008004100021040000700062041000800069082002400077100002300101245006000124260004100184300001200225365001400237OSt20230323105815.0210423s2002 xx 000 0 und d cAL aeng a808.8012 223bPIZD aPIZER (Donald),Ed. aCambridge companion to American realism and naturalism. aUKbCambridge University Pressc2002 axvi,287 b1008cUSD